000 00326nam a22001457a 4500
003 OSt
005 20160727222405.0
008 160623b xxu||||| |||| 00| 0 eng d
040 _cTEST
100 _9833
_aYolen, J
245 _aSleeping Ugly
260 _aN.Y
_bGeoghegan INC
_c1981
300 _aSleeping Ugly
942 _2ddc
_cBK
999 _c661
_d661